[Event "Qatar Masters op-A"]
[Site "Doha"]
[Date "2024.12.03"]
[Round "1"]
[White "Uskov, Artem"]
[Black "Garv, Rai"]
[Result "1-0"]
[WhiteElo "2430"]
[BlackElo "2277"]
[PlyCount "85"]
[EventDate "2024.12.03"]
[EventType "swiss"]
[EventRounds "9"]
[EventCountry "QAT"]
[SourceTitle "CB51_2024"]
[SourceDate "2024.12.18"]
[SourceVersion "1"]
[SourceVersionDate "2024.12.18"]
[SourceQuality "1"]

1. e4 e5 2. Nf3 Nc6 3. Bb5 Nf6 4. d3 Bc5 5. c3 d5 6. Nbd2 dxe4 7. dxe4 0-0 8. 0-0 a5 9. Qc2 Qe7 10. a4 Nb8 11. h3 c6 12. Bd3 Nbd7 13. Rd1 Re8 14. Nc4 h6 15. Bd2 Nh5 16. Qb1 Nf4 17. Bf1 Qf6 18. b4 axb4 19. cxb4 Bf8 20. Ra3 Rb8 21. Ne1 b5 22. axb5 Rxb5 23. Rf3 Qg6 24. Rg3 Qh5 25. Nf3 Nf6 26. Re1 Bd7 27. Qb2 Bxb4 28. Bxb4 c5 29. Ncxe5 Rxb4 30. Nxd7 Rxb2 31. Nxf6+ Kf8 32. Nxh5 Nxh5 33. Rg4 Nf6 34. Rf4 Rb4 35. Bd3 Rd8 36. Bc2 Ke7 37. Rf5 Rc4 38. Bb3 Rc3 39. e5 Nd5 40. Bxd5 Rxd5 41. Rf4 c4 42. Rg4 g6 43. e6 1-0